Riconosci il Pokémon - Quiz n°5 - Statistics

Statistiche generali
  • Questo quiz è stato fatto 28 volte
  • Il punteggio medio è 7 su 10
Statistiche sulle risposte
Indizio Risposta % Corretto
Generazione Ottava
100%
Tipo Folletto
81%
Abilità Dolcevelo; Aromavelo
69%
Altezza 0,2 m
65%
Stadio evoluzione Forma Base
65%
Peso 0,3 kg
58%
Sesso 100% ♀
58%
Tasso di cattura 200 (36.6%)
58%
Tasso di allevamento Medio-Veloce
54%
Pokémon Milcery
54%
Nessun quiz corrispondente trovato
Distribuzione punteggi
Percentuale di utenti per punteggio
Percentile per numero di risposta
I tuoi punteggi nel tempo
Non hai fatto questo quiz